Country Shape Mash - Whammies - Statistics

General Stats
  • This quiz has been taken 15 times
  • The average score is 7 of 10
Answer Stats
Combined Outline Country % Correct
Greece
92%
Iceland
92%
Bangladesh
85%
Uzbekistan
85%
Venezuela
85%
Cuba
77%
D. R. Congo
62%
New Zealand
62%
Switzerland
23%
Belarus
15%
No matching quizzes found
Score Distribution
Percent of People with Each Score
Percentile by Number Answered
Your Score History
You have not taken this quiz